| 000 | 00628nam a2200253Ia 4500 | ||
|---|---|---|---|
| 003 | OSt | ||
| 005 | 20250721113846.0 | ||
| 008 | 210210b2017 xxu||||| |||| 00| 0 eng d | ||
| 020 | _a9789351395188 | ||
| 040 | _cAL | ||
| 041 | _aeng | ||
| 082 | _a657.46 GARG | ||
| 100 |
_aKeshav R Garg _9219536 |
||
| 245 | _aGST ready reckoner with referencer | ||
| 260 |
_aNew Delhi _bBharat Law House Pvt., _c2017 |
||
| 300 | _axvi,701p | ||
| 650 |
_awith _9219537 |
||
| 650 |
_areferencer _9219538 |
||
| 650 |
_areckoner _9219539 |
||
| 650 |
_aGST _9219540 |
||
| 690 |
_aIncome Tax _9219541 |
||
| 906 | _a071666 | ||
| 942 |
_2ddc _cBK |
||
| 999 |
_c121387 _d121387 |
||